000 00690 a2200205 4500
005 20240520142127.0
010 _aB-759119
020 _a9789391028923
_c399.00
035 _aB-759119
037 _bGift
082 _aS
100 _aGarodia, Shruti
_966470
245 _aHistory HuntersChandragupta Maurya and the Greek Onslaught/
_cShruti Garodia and Archna Garodia Gupta
260 _aGurugram
_bHechette Book Publishing India Pvt. Ltd.
_c2022
270 _a4th & 5th Floors, Corporate Centre Plot no.94 Sector-44
_bGurugram
_e122003
300 _a129 p.
_c19 cm(Pb)
700 _aGupta,Archna Garodia
_966471
942 _adpl
_cCH
_2ddc
_hS
_mGAR
999 _c203022
_d203022